000 00634nas a2200217 4500
001 BR8902583
003 BR-BrBNA
005 20231205091546.0
007 ta
008 230509b bl.|||p| |||| 00| 00por d
040 _aBR-BrBNA
_bpor
_cBiblioteca Nacional de Agricultura
041 _a(Pt)
072 _aL73
100 1 _aAnon.
245 1 _aA controvertida etiologia da rinite atrofica dos suinos
650 _aRINITE ATROFICA
650 _aSUÍNOCULTURA
773 0 _tAgricultura de Hoje (Brazil)
_xISSN 100-5707
_g(Aug 1975), v. 1(5) p. 46-47
_wBR8902583
909 _a202311
_bLúcia
_c55
_dLúcia Elande
942 _2AGRIS
_n0
_cANA
999 _c125868
_d125868